Загрузка...

Sophiyude lokam

Библиографические подробности
Главный автор: Gaarder, Jostein
Другие авторы: Prasannakumar, K.B
Формат: Printed Book
Язык:English
Опубликовано: Kottaym D C Books 2007
Предметы:
LEADER 00764nam a2200253 a 4500
001 adlib96000001
003 ViArRB
005 20151026132321.0
008 960221s1955 dcuabcdjdbkoqu001 0deng d
020 |a 8126416076 
022
040 |a Adlib 
082 |a FM 
245 |a Sophiyude lokam 
250
260 |a Kottaym  |b D C Books  |c 2007 
300 |a 460p 
500 |a  Translation of the Englsih novel "Sophie's World" 
100 |a Gaarder, Jostein 
700 |a Prasannakumar, K.B. 
942 |c BK  |6 _ 
653 |a Ficiton - Malayalam Literature  |a Fiction- Malayalam Literature  |a Fiction- English literature 
999 |c 46120  |d 46120 
952 |0 0  |1 0  |4 0  |6 FM_GAA  |7 0  |9 58610  |a UL  |b UL  |d 2010-06-16  |l 14  |o FM GAA  |p 00059056  |r 2014-08-11  |s 2014-07-31  |w 2010-06-16  |y BK